000 00477nam a2200169Ia 4500
999 _c18869
_d18869
003 OSt
005 20200622150015.0
008 190216s9999||||xx |||||||||||||| ||und||
040 _coclc
082 _a954.025
_bSRI/M
100 _aSrivastava, A L
_93014
245 4 _aThe Mughal Empire /
_cA L Srivastava
250 _a6th Ed.
260 _bShivlal Agarwala & Com,
_c1969.
_aAgra:
300 _a570p
942 _cBK
_2ddc
_h954.025
_iSRI/M
_k954.025
_mSRI/M